|
|
|
|
| LEADER |
00000nab a2200000 ar4500 |
| 001 |
vtls009003109 |
| 003 |
SK-MaSNL |
| 005 |
20260319071252.0 |
| 008 |
070411c20070411xo |||||||| 000 b|hun |
| 015 |
|
|
|a SNBRB2007/04
|2 snkbucl
|
| 038 |
|
|
|a SNKBUCL
|
| 040 |
|
|
|a DSZK
|b slo
|c DSZK
|e AACR2
|
| 041 |
0 |
|
|a hun
|
| 044 |
|
|
|a xo
|c SK
|
| 080 |
|
|
|a 792.2
|2 1997
|
| 080 |
|
|
|a 792.081
|2 1997
|
| 100 |
1 |
|
|a Mislay, Edit,
|d 1966-
|4 ivr
|4 aut
|9 840400
|
| 245 |
1 |
0 |
|a Hogyan ettem kutyát
|b Jevgenyij Griskovec monodrámája Gál Tamás színművész előadásában, Czajlik József rendezésében
|c Mislay Edit, Gál Tamás, Czajlik József
|
| 300 |
|
|
|b Fotogr.
|
| 600 |
1 |
7 |
|a Griškovec, Jevgenij,
|d 1967-
|t Ako som zjedol psa
|2 snkbucl
|9 1065710
|
| 600 |
1 |
7 |
|a Gál, Tamás,
|d 1978-
|2 snkbucl
|9 103280
|
| 651 |
|
7 |
|a Dunajská Streda (Slovensko)
|2 snkbucl
|9 17375
|
| 655 |
|
7 |
|a rozhovory
|2 snkbucl
|9 31831
|
| 700 |
1 |
|
|a Gál, Tamás,
|d 1978-
|4 ive
|4 aut
|9 103280
|
| 700 |
1 |
|
|a Czajlik, József,
|d 1975-
|4 ive
|4 aut
|9 908548
|
| 773 |
0 |
|
|t Új szó
|g Évf. 60, sz. 83 (11.4.2007), o. 10
|
| 852 |
|
|
|a SNK
|b KIS3GCP
|
| 852 |
|
|
|a DSZK
|b KIS3GCP
|
| 958 |
|
|
|a HU
|
| 958 |
|
|
|a SK
|
| 958 |
|
|
|a RU
|
| 999 |
|
|
|c 1751610
|d 1753540
|